| 000 | 00954nam a2200229 u 4500 | ||
|---|---|---|---|
| 001 | 000334346 | ||
| 003 | AM-YeHGA | ||
| 005 | 20250617130847.0 | ||
| 008 | 040513s1976 ||| r 000 0 rus d | ||
| 040 | _aAM-YeHGA | ||
| 041 | 0 | _arus | |
| 100 | 1 | _aЛямичев, Игорь Яковлевич | |
| 245 | 1 | 0 |
_aПриборы на аморфных полупроводниках и их применение / _cИ.Я. Лямичев, И.И. Литвак, Н.А. Ощепков. |
| 260 |
_aМосква : _bСоветское радио, _c1976. |
||
| 300 |
_a128 с. : _bил. |
||
| 440 | 0 | _aМассовая библиотека инженера "Электроника" | |
| 504 | _aБиблиогр.: с. 124 - 128 (27 назв.) | ||
| 650 | 1 | 4 | _aАморфные полупроводники |
| 700 | 1 | _aЛитвак, Игорь Иосифович | |
| 700 | 1 | _aОщепков, Николай Александрович | |
| 090 | _c127095 | ||
| 999 |
_c125737 _d125737 |
||